Bengalinlahden maat tyhjällä kartalla - Statistics

Yleistilastot
  • Tätä visaa on pelattu 1 112 kertaa
  • Keskiarvotulos 6 / 6
Vastaukset kartalla
Vastauksille on annettu kartalla punavihreä väri sen mukaan, kuinka moni on saanut sen oikein.
 
Vastaustilastot
Valtio % Oikein
Intia
98%
Bangladesh
97%
Myanmar
97%
Thaimaa
93%
Sri Lanka
92%
Indonesia
76%
Ehtoja vastaavia visoja ei löytynyt
Tulosjakauma
Jokaisen tuloksen saaneiden osuus
Persentiili vastausten määrän mukaan
Tuloshistoriasi
Et ole pelannut tätä visaa